[Event "2012 U.S. Women's Championship"]
[Site "Saint Louis, MO, USA"]
[Date "2012.05.15"]
[Round "6.5"]
[White "Ni, Viktorija"]
[Black "Kats, Alena"]
[Result "1-0"]
[LiveChessVersion "1.3.1"]
[BlackElo "2137"]
[WhiteElo "2228"]

1. d4 {[%clk 1:30:58]} d5 {[%clk 1:30:56]} 2. c4 {[%clk 1:31:24]} c6
{[%clk 1:31:21]} 3. Nf3 {[%clk 1:31:46]} Nf6 {[%clk 1:31:43]} 4. Nc3
{[%clk 1:32:04]} e6 {[%clk 1:32:04]} 5. e3 {[%clk 1:32:24]} Nbd7 {[%clk 1:32:25]}
6. Bd3 {[%clk 1:32:32]} dxc4 {[%clk 1:32:37]} 7. Bxc4 {[%clk 1:32:59]} b5
{[%clk 1:32:58]} 8. Bd3 {[%clk 1:33:23]} a6 {[%clk 1:33:15]} 9. e4
{[%clk 1:33:26]} c5 {[%clk 1:32:55]} 10. d5 {[%clk 1:32:26]} e5 {[%clk 1:20:52]}
11. O-O {[%clk 1:28:33]} Bd6 {[%clk 1:20:26]} 12. b3 {[%clk 1:28:00]} O-O
{[%clk 1:19:53]} 13. a4 {[%clk 1:22:49]} c4 {[%clk 1:11:10]} 14. bxc4
{[%clk 1:19:59]} bxc4 {[%clk 1:01:28]} 15. Bxc4 {[%clk 1:09:01]} Qc7
{[%clk 1:01:23]} 16. Qd3 {[%clk 1:06:06]} Nc5 {[%clk 0:55:31]} 17. Qe2
{[%clk 1:02:41]} Bg4 {[%clk 0:54:01]} 18. Ba2 {[%clk 0:55:23]} Rfb8
{[%clk 0:41:34]} 19. Bg5 {[%clk 0:40:40]} Rb4 {[%clk 0:29:47]} 20. Bxf6
{[%clk 0:34:37]} gxf6 {[%clk 0:30:14]} 21. Qe3 {[%clk 0:34:08]} Nb3
{[%clk 0:24:48]} 22. Bxb3 {[%clk 0:34:04]} Rxb3 {[%clk 0:25:15]} 23. Nb5
{[%clk 0:29:21]} Qc2 {[%clk 0:25:14]} 24. Qd2 {[%clk 0:28:31]} Qxd2
{[%clk 0:20:35]} 25. Nxd2 {[%clk 0:28:59]} axb5 {[%clk 0:19:57]} 26. Nxb3
{[%clk 0:29:03]} bxa4 {[%clk 0:20:13]} 27. Rfc1 {[%clk 0:27:19]} Rb8
{[%clk 0:12:24]} 28. Nc5 {[%clk 0:24:59]} a3 {[%clk 0:10:36]} 29. f3
{[%clk 0:24:55]} Rb5 {[%clk 0:10:28]} 30. fxg4 {[%clk 0:16:09]} Bxc5+
{[%clk 0:10:55]} 31. Kf1 {[%clk 0:16:07]} Kf8 {[%clk 0:09:36]} 32. Rcb1
{[%clk 0:12:37]} Ra5 {[%clk 0:08:44]} 33. Ke2 {[%clk 0:08:35]} Ra4
{[%clk 0:07:34]} 34. Kf3 {[%clk 0:08:29]} Rd4 {[%clk 0:05:57]} 35. Rb3
{[%clk 0:08:48]} Ra4 {[%clk 0:03:06]} 36. Ra2 {[%clk 0:08:23]} Ke7
{[%clk 0:03:03]} 37. Rb7+ {[%clk 0:08:38]} Kf8 {[%clk 0:02:53]} 38. Rc7
{[%clk 0:08:22]} Bd6 {[%clk 0:03:00]} 39. Rd7 {[%clk 0:08:45]} Bc5
{[%clk 0:03:01]} 40. h4 {[%clk 0:36:31]} h6 {[%clk 0:32:24]} 41. Rc7
{[%clk 0:28:54]} Bd6 {[%clk 0:30:20]} 42. Rc6 {[%clk 0:29:12]} Ke7
{[%clk 0:28:28]} 43. Ke3 {[%clk 0:28:16]} Kd7 {[%clk 0:25:23]} 44. g3
{[%clk 0:24:16]} Ke7 {[%clk 0:25:17]} 45. Kf3 {[%clk 0:21:50]} Kd7
{[%clk 0:23:50]} 46. Rc3 {[%clk 0:18:32]} Ke7 {[%clk 0:21:54]} 47. Re3
{[%clk 0:16:23]} Bc5 {[%clk 0:21:39]} 48. Ree2 {[%clk 0:15:32]} Rd4
{[%clk 0:18:26]} 49. g5 {[%clk 0:13:07]} fxg5 {[%clk 0:18:11]} 50. Kg4
{[%clk 0:11:22]} Rd3 {[%clk 0:10:26]} 51. Rac2 {[%clk 0:10:34]} Bd6
{[%clk 0:10:08]} 52. Rc6 {[%clk 0:09:42]} Rb3 {[%clk 0:07:02]} 53. Ra6
{[%clk 0:10:09]} f6 {[%clk 0:05:01]} 54. Ra7+ {[%clk 0:10:03]} Kd8
{[%clk 0:04:27]} 55. Rc2 {[%clk 0:10:01]} Bb8 {[%clk 0:02:28]} 56. Rh7
{[%clk 0:09:40]} gxh4 {[%clk 0:02:20]} 57. gxh4 {[%clk 0:09:53]} Bd6
{[%clk 0:01:49]} 58. Kf5 {[%clk 0:10:06]} Be7 {[%clk 0:00:45]} 59. d6
{[%clk 0:08:58]} Bxd6 {[%clk 0:00:57]} 60. Ke6 {[%clk 0:09:10]} Rb6
{[%clk 0:00:55]} 61. Rd7+ {[%clk 0:09:26]} 1-0

[Event "2012 U.S. Women's Championship"]
[Site "Saint Louis, MO, USA"]
[Date "2012.05.16"]
[Round "7.1"]
[White "Kats, Alena"]
[Black "Zenyuk, Iryna"]
[Result "1/2-1/2"]
[LiveChessVersion "1.3.1"]
[BlackElo "2224"]
[WhiteElo "2137"]

1. e4 {[%clk 1:30:57]} d6 {[%clk 1:30:57]} 2. d4 {[%clk 1:31:18]} g6
{[%clk 1:31:19]} 3. Nf3 {[%clk 1:30:27]} Bg7 {[%clk 1:31:14]} 4. Be2
{[%clk 1:28:05]} Nd7 {[%clk 1:22:37]} 5. O-O {[%clk 1:25:11]} e5 {[%clk 1:16:35]}
6. Nc3 {[%clk 1:21:24]} Ngf6 {[%clk 1:14:30]} 7. dxe5 {[%clk 1:15:01]} dxe5
{[%clk 1:14:03]} 8. Ne1 {[%clk 1:13:32]} O-O {[%clk 0:52:23]} 9. Be3
{[%clk 1:03:24]} c6 {[%clk 0:50:43]} 10. Nd3 {[%clk 0:58:26]} Qe7
{[%clk 0:47:20]} 11. Qe1 {[%clk 0:54:43]} Re8 {[%clk 0:44:28]} 12. f3
{[%clk 0:53:54]} h6 {[%clk 0:30:13]} 13. Qf2 {[%clk 0:47:49]} a5 {[%clk 0:29:43]}
14. a4 {[%clk 0:47:06]} Nh7 {[%clk 0:27:15]} 15. g4 {[%clk 0:41:51]} Ng5
{[%clk 0:26:28]} 16. Kh1 {[%clk 0:34:23]} Ne6 {[%clk 0:25:57]} 17. Bd1
{[%clk 0:28:44]} Ndf8 {[%clk 0:18:56]} 18. Ne2 {[%clk 0:27:01]} Qd8
{[%clk 0:16:22]} 19. Ng3 {[%clk 0:24:15]} Kh7 {[%clk 0:15:13]} 20. Qg2
{[%clk 0:20:07]} Qd6 {[%clk 0:12:15]} 21. Ra3 {[%clk 0:12:41]} Nf4
{[%clk 0:10:58]} 22. Qd2 {[%clk 0:12:40]} N8e6 {[%clk 0:10:48]} 23. Ne2
{[%clk 0:06:42]} Rd8 {[%clk 0:07:28]} 24. Nexf4 {[%clk 0:05:34]} exf4
{[%clk 0:07:18]} 25. Bxf4 {[%clk 0:04:42]} Nxf4 {[%clk 0:07:37]} 26. Qxf4
{[%clk 0:05:08]} Qxf4 {[%clk 0:07:45]} 27. Nxf4 {[%clk 0:05:36]} Bxb2
{[%clk 0:08:04]} 28. Rb3 {[%clk 0:04:53]} Be5 {[%clk 0:07:28]} 29. Nd3
{[%clk 0:05:08]} Bd4 {[%clk 0:07:51]} 30. f4 {[%clk 0:03:26]} Rb8
{[%clk 0:04:53]} 31. f5 {[%clk 0:03:08]} Kg7 {[%clk 0:04:48]} 32. Bf3
{[%clk 0:02:03]} c5 {[%clk 0:03:31]} 33. Nf4 {[%clk 0:01:41]} b6 {[%clk 0:02:36]}
34. Nd5 {[%clk 0:01:06]} c4 {[%clk 0:03:00]} 35. Rbb1 {[%clk 0:01:17]} Bd7
{[%clk 0:02:39]} 36. c3 {[%clk 0:01:18]} Bc5 {[%clk 0:02:54]} 37. Ra1
{[%clk 0:01:43]} b5 {[%clk 0:02:51]} 38. axb5 {[%clk 0:02:07]} Rxb5
{[%clk 0:03:16]} 39. Be2 {[%clk 0:01:50]} Bd6 {[%clk 0:01:29]} 40. Bxc4
{[%clk 0:30:56]} Rc5 {[%clk 0:30:57]} 41. Ba2 {[%clk 0:24:17]} Be5
{[%clk 0:22:12]} 42. Rf3 {[%clk 0:16:35]} g5 {[%clk 0:19:54]} 43. Rb1
{[%clk 0:13:18]} Bb5 {[%clk 0:19:54]} 44. Rb2 {[%clk 0:11:43]} Bc4
{[%clk 0:16:40]} 45. Rff2 {[%clk 0:09:04]} Bd3 {[%clk 0:09:29]} 46. Bb1
{[%clk 0:09:16]} Bc4 {[%clk 0:08:21]} 47. Ba2 {[%clk 0:09:41]} Bd3
{[%clk 0:08:26]} 48. Bb1 {[%clk 0:10:05]} Bxb1 {[%clk 0:06:41]} 49. Rxb1
{[%clk 0:10:34]} Bxc3 {[%clk 0:06:59]} 50. Rc2 {[%clk 0:10:05]} Rdc8
{[%clk 0:05:07]} 51. Rb7 {[%clk 0:02:48]} Be5 {[%clk 0:04:16]} 52. Rxc5
{[%clk 0:03:08]} Rxc5 {[%clk 0:04:41]} 53. Ra7 {[%clk 0:03:04]} Rc1+
{[%clk 0:02:13]} 54. Kg2 {[%clk 0:03:30]} Ra1 {[%clk 0:02:21]} 55. Nc7
{[%clk 0:01:39]} Bxc7 {[%clk 0:02:04]} 56. Rxc7 {[%clk 0:02:07]} Ra4
{[%clk 0:01:51]} 57. Kf3 {[%clk 0:02:11]} Ra3+ {[%clk 0:02:18]} 58. Kf2
{[%clk 0:01:49]} Kf6 {[%clk 0:02:12]} 59. Rc5 {[%clk 0:02:07]} a4
{[%clk 0:02:15]} 60. e5+ {[%clk 0:02:15]} Ke7 {[%clk 0:02:44]} 61. Rc7+
{[%clk 0:02:09]} Ke8 {[%clk 0:03:13]} 62. Ra7 {[%clk 0:02:14]} Ra2+
{[%clk 0:02:52]} 63. Ke3 {[%clk 0:02:08]} a3 {[%clk 0:03:20]} 64. Kd4
{[%clk 0:01:25]} Rd2+ {[%clk 0:02:14]} 65. Kc4 {[%clk 0:01:21]} a2
{[%clk 0:01:44]} 66. h3 {[%clk 0:01:42]} Rh2 {[%clk 0:01:59]} 67. Kd5
{[%clk 0:01:35]} Rd2+ {[%clk 0:02:27]} 68. Kc6 {[%clk 0:01:39]} Rc2+
{[%clk 0:02:40]} 69. Kd5 {[%clk 0:01:35]} Rd2+ {[%clk 0:03:06]} 70. Kc6
{[%clk 0:01:43]} Rc2+ {[%clk 0:03:29]} 71. Kd5 {[%clk 0:02:01]} Rd2+
{[%clk 0:03:51]} 72. Kc6 {[%clk 0:02:16]} 1/2-1/2

[Event "2012 U.S. Women's Championship"]
[Site "Saint Louis, MO, USA"]
[Date "2012.05.16"]
[Round "7.2"]
[White "Baginskaite, Camilla"]
[Black "Ni, Viktorija"]
[Result "1/2-1/2"]
[LiveChessVersion "1.3.1"]
[BlackElo "2228"]
[WhiteElo "2358"]

1. d4 {[%clk 1:30:56]} Nf6 {[%clk 1:30:58]} 2. c4 {[%clk 1:31:12]} g6
{[%clk 1:31:24]} 3. g3 {[%clk 1:31:34]} c5 {[%clk 1:31:41]} 4. d5
{[%clk 1:31:11]} b5 {[%clk 1:31:22]} 5. cxb5 {[%clk 1:29:46]} a6 {[%clk 1:31:11]}
6. bxa6 {[%clk 1:30:01]} Bxa6 {[%clk 1:30:29]} 7. Nc3 {[%clk 1:29:37]} d6
{[%clk 1:29:08]} 8. Bg2 {[%clk 1:26:10]} Nbd7 {[%clk 1:28:08]} 9. Nf3
{[%clk 1:26:13]} Bg7 {[%clk 1:25:11]} 10. O-O {[%clk 1:26:21]} Nb6
{[%clk 1:25:07]} 11. Ne1 {[%clk 1:25:22]} Bc4 {[%clk 1:15:27]} 12. Nc2
{[%clk 1:17:15]} O-O {[%clk 1:14:34]} 13. Ne3 {[%clk 1:09:01]} Ba6
{[%clk 1:06:21]} 14. Rb1 {[%clk 1:05:34]} Nfd7 {[%clk 0:53:05]} 15. Bd2
{[%clk 1:05:16]} Qc7 {[%clk 0:46:11]} 16. b3 {[%clk 1:00:18]} Bb7
{[%clk 0:35:32]} 17. a4 {[%clk 0:56:18]} Nf6 {[%clk 0:32:09]} 18. Qc2
{[%clk 0:46:46]} Ba6 {[%clk 0:29:24]} 19. Rfc1 {[%clk 0:42:46]} Rfb8
{[%clk 0:27:33]} 20. Qd1 {[%clk 0:40:55]} Qd7 {[%clk 0:26:08]} 21. a5
{[%clk 0:39:20]} Nc8 {[%clk 0:26:36]} 22. Na4 {[%clk 0:38:57]} Bb5
{[%clk 0:26:37]} 23. Nc4 {[%clk 0:31:51]} Qf5 {[%clk 0:24:51]} 24. Be1
{[%clk 0:29:14]} h5 {[%clk 0:21:36]} 25. f3 {[%clk 0:18:25]} Bh6 {[%clk 0:20:32]}
26. e4 {[%clk 0:18:29]} Qd7 {[%clk 0:20:37]} 27. f4 {[%clk 0:17:49]} Ra7
{[%clk 0:18:28]} 28. Nab6 {[%clk 0:15:22]} Nxb6 {[%clk 0:18:24]} 29. Nxb6
{[%clk 0:15:46]} Qb7 {[%clk 0:16:44]} 30. b4 {[%clk 0:12:59]} cxb4
{[%clk 0:16:26]} 31. Bxb4 {[%clk 0:11:21]} Qa6 {[%clk 0:16:46]} 32. Be1
{[%clk 0:05:25]} Be2 {[%clk 0:11:18]} 33. Qd4 {[%clk 0:05:16]} Bg7
{[%clk 0:10:13]} 34. Qb4 {[%clk 0:03:35]} Bd3 {[%clk 0:09:45]} 35. Rb3
{[%clk 0:03:48]} Ng4 {[%clk 0:09:26]} 36. Rc6 {[%clk 0:03:24]} Ne3
{[%clk 0:09:13]} 37. Bf3 {[%clk 0:03:30]} Nc2 {[%clk 0:09:14]} 38. Rxc2
{[%clk 0:02:28]} Bxc2 {[%clk 0:09:42]} 39. Re3 {[%clk 0:02:36]} Qxa5
{[%clk 0:04:51]} 40. Qxa5 {[%clk 0:31:50]} Rxa5 {[%clk 0:35:20]} 41. Bxa5
{[%clk 0:31:58]} Bd4 {[%clk 0:35:44]} 1/2-1/2

[Event "2012 U.S. Women's Championship"]
[Site "Saint Louis, MO, USA"]
[Date "2012.05.16"]
[Round "7.3"]
[White "Zatonskih, Anna"]
[Black "Krush, Irina"]
[Result "1/2-1/2"]
[LiveChessVersion "1.3.1"]
[BlackElo "2457"]
[WhiteElo "2510"]

1. d4 {[%clk 1:30:56]} Nf6 {[%clk 1:30:42]} 2. Nf3 {[%clk 1:30:58]} d5
{[%clk 1:30:29]} 3. c4 {[%clk 1:31:06]} e6 {[%clk 1:30:44]} 4. g3
{[%clk 1:28:47]} Bb4+ {[%clk 1:30:39]} 5. Nc3 {[%clk 1:25:59]} O-O
{[%clk 1:24:01]} 6. Bg2 {[%clk 1:22:51]} dxc4 {[%clk 1:22:39]} 7. a3
{[%clk 1:20:59]} Be7 {[%clk 1:15:13]} 8. Ne5 {[%clk 1:21:04]} c5 {[%clk 1:14:39]}
9. dxc5 {[%clk 1:16:58]} Qxd1+ {[%clk 1:12:33]} 10. Nxd1 {[%clk 1:17:22]} Bxc5
{[%clk 1:12:50]} 11. Nxc4 {[%clk 1:14:06]} Nc6 {[%clk 1:04:44]} 12. Bf4
{[%clk 1:03:14]} Nd5 {[%clk 1:00:06]} 13. Bd6 {[%clk 0:23:34]} Bxd6
{[%clk 1:00:12]} 14. Nxd6 {[%clk 0:24:01]} Rd8 {[%clk 0:59:06]} 15. Nb5
{[%clk 0:23:51]} Nce7 {[%clk 0:38:41]} 16. Nbc3 {[%clk 0:21:47]} Nxc3
{[%clk 0:36:34]} 17. Nxc3 {[%clk 0:22:13]} Bd7 {[%clk 0:36:38]} 18. O-O-O
{[%clk 0:19:33]} Bc6 {[%clk 0:36:53]} 19. Bxc6 {[%clk 0:19:55]} Nxc6
{[%clk 0:37:15]} 20. Rxd8+ {[%clk 0:17:13]} Rxd8 {[%clk 0:37:25]} 21. Rd1
{[%clk 0:17:42]} Rxd1+ {[%clk 0:35:21]} 22. Kxd1 {[%clk 0:17:57]} Kf8
{[%clk 0:35:26]} 23. Kd2 {[%clk 0:17:59]} Ke7 {[%clk 0:35:47]} 24. f3
{[%clk 0:16:42]} f6 {[%clk 0:35:27]} 25. Kd3 {[%clk 0:16:18]} Kd6
{[%clk 0:33:57]} 26. Ne4+ {[%clk 0:15:26]} Kd5 {[%clk 0:33:41]} 27. Nc3+
{[%clk 0:15:39]} Kd6 {[%clk 0:32:01]} 28. Ne4+ {[%clk 0:16:02]} Kd5
{[%clk 0:32:26]} 29. Nc3+ {[%clk 0:16:24]} Kd6 {[%clk 0:32:06]} 30. Ne4+
{[%clk 0:16:48]} Kd5 {[%clk 0:32:32]} 31. Nc3+ 1/2-1/2

[Event "2012 U.S. Women's Championship"]
[Site "Saint Louis, MO, USA"]
[Date "2012.05.16"]
[Round "7.4"]
[White "Goletiani, Rusudan"]
[Black "Abrahamyan, Tatev"]
[Result "1-0"]
[LiveChessVersion "1.3.1"]
[BlackElo "2329"]
[WhiteElo "2333"]

1. c4 {[%clk 1:30:39]} Nf6 {[%clk 1:30:44]} 2. g3 {[%clk 1:30:51]} g6
{[%clk 1:31:00]} 3. Bg2 {[%clk 1:31:16]} Bg7 {[%clk 1:31:25]} 4. Nc3
{[%clk 1:31:29]} O-O {[%clk 1:31:39]} 5. d3 {[%clk 1:30:21]} d6 {[%clk 1:31:22]}
6. e4 {[%clk 1:29:01]} c5 {[%clk 1:24:56]} 7. Nge2 {[%clk 1:29:01]} Nc6
{[%clk 1:24:50]} 8. O-O {[%clk 1:29:05]} Nd4 {[%clk 1:22:25]} 9. h3
{[%clk 1:24:18]} Ne8 {[%clk 1:09:16]} 10. Rb1 {[%clk 1:18:18]} Bd7
{[%clk 0:49:45]} 11. b4 {[%clk 1:07:04]} b6 {[%clk 0:47:45]} 12. Kh2
{[%clk 1:00:40]} Nc7 {[%clk 0:43:35]} 13. Nxd4 {[%clk 0:54:18]} cxd4
{[%clk 0:35:43]} 14. Ne2 {[%clk 0:54:02]} b5 {[%clk 0:33:14]} 15. f4
{[%clk 0:50:57]} a5 {[%clk 0:25:33]} 16. a3 {[%clk 0:44:54]} axb4
{[%clk 0:23:22]} 17. axb4 {[%clk 0:44:43]} Ra2 {[%clk 0:20:37]} 18. Bd2
{[%clk 0:26:26]} bxc4 {[%clk 0:12:51]} 19. dxc4 {[%clk 0:26:52]} Ba4
{[%clk 0:12:46]} 20. Qe1 {[%clk 0:26:46]} Bc2 {[%clk 0:10:09]} 21. Rc1
{[%clk 0:26:47]} Qa8 {[%clk 0:09:16]} 22. Ra1 {[%clk 0:15:12]} Rxa1
{[%clk 0:06:15]} 23. Qxa1 {[%clk 0:15:38]} Bd3 {[%clk 0:06:07]} 24. Qe1
{[%clk 0:11:59]} Bxc4 {[%clk 0:04:42]} 25. f5 {[%clk 0:11:13]} Qa6
{[%clk 0:03:54]} 26. Rf2 {[%clk 0:11:19]} Nb5 {[%clk 0:04:01]} 27. Nf4
{[%clk 0:09:21]} Nc3 {[%clk 0:02:30]} 28. Nd5 {[%clk 0:07:57]} Nxd5
{[%clk 0:01:40]} 29. exd5 {[%clk 0:08:23]} Qb7 {[%clk 0:01:33]} 30. Qe4
{[%clk 0:07:30]} Bb5 {[%clk 0:00:56]} 31. h4 {[%clk 0:05:43]} Rc8
{[%clk 0:00:38]} 32. Bh3 {[%clk 0:03:33]} Rc7 {[%clk 0:00:42]} 33. Qf3
{[%clk 0:01:17]} Be8 {[%clk 0:00:49]} 34. h5 {[%clk 0:01:17]} gxh5
{[%clk 0:00:54]} 35. f6 {[%clk 0:01:11]} exf6 {[%clk 0:00:51]} 36. Qxh5
{[%clk 0:01:14]} Bd7 {[%clk 0:00:43]} 37. Re2 {[%clk 0:01:09]} Qc8
{[%clk 0:00:39]} 38. Re7 {[%clk 0:01:07]} Be8 {[%clk 0:00:32]} 39. Bxc8
{[%clk 0:01:13]} Rxe7 {[%clk 0:00:59]} 40. Bf5 {[%clk 0:31:32]} Bb5
{[%clk 0:31:08]} 41. Qxh7+ {[%clk 0:30:38]} Kf8 {[%clk 0:31:34]} 42. Bd3
{[%clk 0:28:32]} 1-0

[Event "2012 U.S. Women's Championship"]
[Site "Saint Louis, MO, USA"]
[Date "2012.05.16"]
[Round "7.5"]
[White "Foisor, Sabina"]
[Black "Melekhina, Alisa"]
[Result "1-0"]
[LiveChessVersion "1.3.1"]
[BlackElo "2244"]
[WhiteElo "2364"]

1. d4 {[%clk 1:30:58]} Nf6 {[%clk 1:30:36]} 2. c4 {[%clk 1:31:24]} g6
{[%clk 1:30:48]} 3. Nc3 {[%clk 1:31:51]} Bg7 {[%clk 1:31:13]} 4. e4
{[%clk 1:32:17]} d6 {[%clk 1:31:23]} 5. f3 {[%clk 1:32:37]} O-O {[%clk 1:31:02]}
6. Be3 {[%clk 1:33:04]} e5 {[%clk 1:30:32]} 7. d5 {[%clk 1:33:29]} Nh5
{[%clk 1:30:08]} 8. Qd2 {[%clk 1:33:08]} f5 {[%clk 1:30:05]} 9. O-O-O
{[%clk 1:31:27]} a6 {[%clk 1:29:34]} 10. c5 {[%clk 1:27:54]} Nd7 {[%clk 1:23:21]}
11. cxd6 {[%clk 1:21:52]} cxd6 {[%clk 1:23:42]} 12. Bd3 {[%clk 1:09:28]} Ndf6
{[%clk 1:15:14]} 13. Nge2 {[%clk 1:04:07]} b5 {[%clk 1:12:35]} 14. Kb1
{[%clk 0:49:03]} Bd7 {[%clk 1:06:27]} 15. Rc1 {[%clk 0:48:24]} Rb8
{[%clk 0:42:19]} 16. h3 {[%clk 0:42:26]} f4 {[%clk 0:35:44]} 17. Bf2
{[%clk 0:42:14]} Qa5 {[%clk 0:35:32]} 18. b3 {[%clk 0:37:17]} Ne8
{[%clk 0:31:24]} 19. Rc2 {[%clk 0:36:00]} b4 {[%clk 0:26:05]} 20. Nd1
{[%clk 0:36:10]} Nc7 {[%clk 0:24:54]} 21. Nb2 {[%clk 0:35:34]} Nb5
{[%clk 0:24:49]} 22. Bxb5 {[%clk 0:35:11]} Bxb5 {[%clk 0:18:53]} 23. Nc4
{[%clk 0:32:35]} Bxc4 {[%clk 0:14:57]} 24. Rxc4 {[%clk 0:33:00]} Qb5
{[%clk 0:15:10]} 25. Rhc1 {[%clk 0:29:44]} Nf6 {[%clk 0:13:55]} 26. Rc6
{[%clk 0:25:04]} Rfd8 {[%clk 0:13:52]} 27. Qc2 {[%clk 0:24:02]} a5
{[%clk 0:08:13]} 28. Qc4 {[%clk 0:23:55]} Ne8 {[%clk 0:07:05]} 29. Qxb5
{[%clk 0:20:48]} Rxb5 {[%clk 0:07:34]} 30. Ra6 {[%clk 0:20:03]} Rdb8
{[%clk 0:07:20]} 31. Rcc6 {[%clk 0:17:36]} Bf6 {[%clk 0:07:37]} 32. Bb6
{[%clk 0:15:38]} Bd8 {[%clk 0:07:39]} 33. Bxd8 {[%clk 0:15:45]} Rxd8
{[%clk 0:08:08]} 34. Ra7 {[%clk 0:16:00]} Rdb8 {[%clk 0:06:33]} 35. Nc1
{[%clk 0:13:22]} R8b7 {[%clk 0:06:01]} 36. Rxb7 {[%clk 0:10:59]} Rxb7
{[%clk 0:06:27]} 37. Ra6 {[%clk 0:11:24]} Rb5 {[%clk 0:04:59]} 38. Nd3
{[%clk 0:11:37]} h6 {[%clk 0:03:39]} 39. Nb2 {[%clk 0:11:50]} Kf7
{[%clk 0:02:14]} 40. Nc4 {[%clk 0:42:15]} Ke7 {[%clk 0:31:44]} 41. Ra7+
{[%clk 0:38:31]} Kf6 {[%clk 0:30:29]} 42. Nxa5 {[%clk 0:33:14]} Kg5
{[%clk 0:28:27]} 43. Nc6 {[%clk 0:32:28]} Kh4 {[%clk 0:24:33]} 44. Re7
{[%clk 0:31:44]} Kg3 {[%clk 0:15:34]} 45. Rxe8 {[%clk 0:31:51]} Kxg2
{[%clk 0:16:02]} 46. Kc2 {[%clk 0:26:27]} Kxf3 {[%clk 0:15:56]} 47. Kd3
{[%clk 0:26:08]} g5 {[%clk 0:14:03]} 48. Re6 {[%clk 0:26:02]} Kg2
{[%clk 0:07:07]} 49. Rxd6 {[%clk 0:26:12]} f3 {[%clk 0:07:24]} 50. Rf6
{[%clk 0:26:33]} Rc5 {[%clk 0:06:50]} 51. Nxb4 {[%clk 0:25:22]} Rc1
{[%clk 0:05:56]} 52. Nc2 {[%clk 0:24:03]} Kxh3 {[%clk 0:03:46]} 53. Rxf3+
{[%clk 0:23:52]} Kg2 {[%clk 0:03:59]} 54. Rf5 {[%clk 0:23:29]} g4
{[%clk 0:02:35]} 55. Ne3+ {[%clk 0:22:54]} Kg3 {[%clk 0:02:21]} 56. Rxe5
{[%clk 0:23:01]} 1-0

[Event "2012 U.S. Women's Championship"]
[Site "Saint Louis, MO, USA"]
[Date "2012.05.17"]
[Round "8.1"]
[White "Krush, Irina"]
[Black "Kats, Alena"]
[Result "1-0"]
[LiveChessVersion "1.3.1"]
[BlackElo "2137"]
[WhiteElo "2457"]

1. c4 {[%clk 1:30:56]} c5 {[%clk 1:30:39]} 2. Nf3 {[%clk 1:31:11]} Nf6
{[%clk 1:30:32]} 3. Nc3 {[%clk 1:30:33]} e6 {[%clk 1:25:00]} 4. e3
{[%clk 1:28:03]} Nc6 {[%clk 1:21:54]} 5. d4 {[%clk 1:28:16]} cxd4
{[%clk 1:20:44]} 6. exd4 {[%clk 1:28:36]} d5 {[%clk 1:20:02]} 7. c5
{[%clk 1:24:10]} Be7 {[%clk 1:07:52]} 8. Bb5 {[%clk 1:24:01]} O-O
{[%clk 0:59:27]} 9. O-O {[%clk 1:23:48]} Bd7 {[%clk 0:50:42]} 10. Rb1
{[%clk 1:21:14]} Ne4 {[%clk 0:46:38]} 11. Qe1 {[%clk 1:10:10]} Nxc3
{[%clk 0:36:28]} 12. Qxc3 {[%clk 1:10:32]} e5 {[%clk 0:32:28]} 13. dxe5
{[%clk 0:57:24]} Nxe5 {[%clk 0:31:42]} 14. Qxe5 {[%clk 0:52:49]} Bxb5
{[%clk 0:31:46]} 15. Rd1 {[%clk 0:53:13]} Bf6 {[%clk 0:26:37]} 16. Qf5
{[%clk 0:47:19]} Qc8 {[%clk 0:21:02]} 17. Qxc8 {[%clk 0:32:43]} Raxc8
{[%clk 0:21:20]} 18. Be3 {[%clk 0:33:06]} Rfd8 {[%clk 0:16:30]} 19. b4
{[%clk 0:27:12]} Bc4 {[%clk 0:15:39]} 20. Bd4 {[%clk 0:24:06]} b6
{[%clk 0:11:54]} 21. cxb6 {[%clk 0:22:23]} Bxd4 {[%clk 0:12:21]} 22. Nxd4
{[%clk 0:21:56]} axb6 {[%clk 0:12:47]} 23. a4 {[%clk 0:19:35]} Ra8
{[%clk 0:09:39]} 24. Ra1 {[%clk 0:19:46]} Ra6 {[%clk 0:09:15]} 25. Ra3
{[%clk 0:19:15]} Rda8 {[%clk 0:08:49]} 26. Rda1 {[%clk 0:19:18]} Kf8
{[%clk 0:07:07]} 27. f3 {[%clk 0:19:28]} g6 {[%clk 0:07:05]} 28. Kf2
{[%clk 0:19:52]} Ke7 {[%clk 0:07:00]} 29. b5 {[%clk 0:16:36]} Ra5
{[%clk 0:07:17]} 30. Nc6+ {[%clk 0:16:46]} Kd6 {[%clk 0:07:43]} 31. Nxa5
{[%clk 0:16:39]} Rxa5 {[%clk 0:07:44]} 32. Ke3 {[%clk 0:12:40]} Kc5
{[%clk 0:08:08]} 33. Kd2 {[%clk 0:12:46]} Kb4 {[%clk 0:06:27]} 34. Re3
{[%clk 0:13:02]} d4 {[%clk 0:04:42]} 35. Re4 {[%clk 0:11:02]} Rxa4
{[%clk 0:02:04]} 36. Rxa4+ {[%clk 0:09:15]} Kxa4 {[%clk 0:02:33]} 37. g4
{[%clk 0:06:07]} Kxb5 {[%clk 0:02:21]} 38. Rxd4 {[%clk 0:06:01]} Kc5
{[%clk 0:02:30]} 39. Rd8 {[%clk 0:04:46]} b5 {[%clk 0:02:01]} 40. Rh8
{[%clk 0:33:54]} Kd4 {[%clk 0:31:34]} 41. g5 {[%clk 0:23:02]} Ke5
{[%clk 0:19:02]} 42. Ke3 {[%clk 0:23:19]} b4 {[%clk 0:16:29]} 43. Rxh7
{[%clk 0:23:14]} b3 {[%clk 0:16:27]} 44. Rh8 {[%clk 0:23:10]} Be6
{[%clk 0:15:23]} 45. Rb8 {[%clk 0:21:17]} Bc4 {[%clk 0:13:08]} 46. Rb7
{[%clk 0:12:30]} Bd5 {[%clk 0:11:28]} 47. Rb5 {[%clk 0:12:20]} Kd6
{[%clk 0:11:42]} 48. Kd4 {[%clk 0:11:51]} Bxf3 {[%clk 0:10:06]} 49. Rxb3
{[%clk 0:11:57]} Bg4 {[%clk 0:10:00]} 50. Rb6+ {[%clk 0:11:52]} Ke7
{[%clk 0:09:54]} 51. Ke5 {[%clk 0:12:02]} Bf3 {[%clk 0:07:01]} 52. Ra6
{[%clk 0:12:16]} Ke8 {[%clk 0:07:12]} 53. Kf6 {[%clk 0:11:56]} Bd5
{[%clk 0:07:32]} 54. Ra7 {[%clk 0:12:04]} Bc4 {[%clk 0:07:28]} 55. Ra8+
{[%clk 0:11:35]} Kd7 {[%clk 0:07:53]} 56. Rf8 {[%clk 0:11:57]} 1-0